Turizmusmarketing szerepe a Tisza-tó régióban

Bibliográfiai részletek
Szerző: Pásztor Tímea
További közreműködők: Sipos Erika
Dokumentumtípus: Diplomadolgozat
Kulcsszavak:Turizmusmarketing
Tisza-tó
Tisza-tó régió
Marketingkommunikáció
Ökocentrum
Online Access:http://dolgozattar.uni-bge.hu/2903

MARC

LEADER 00000nta a2200000 i 4500
001 dolg2903
005 20150921181751.0
008 150514suuuu hu om 000 hun d
040 |a BGE Dolgozattár Repozitórium  |b hun 
041 |a hu 
100 1 |a Pásztor Tímea 
245 1 0 |a Turizmusmarketing szerepe a Tisza-tó régióban  |c Pásztor Tímea  |h [elektronikus dokumentum] 
246 1 1 |a Turizmusmarketing szerepe a Tisza-tó régióban 
695 |a Turizmusmarketing 
695 |a Tisza-tó 
695 |a Tisza-tó régió 
695 |a Marketingkommunikáció  
695 |a Ökocentrum 
700 1 |a Sipos Erika  |e ths 
856 4 0 |u http://dolgozattar.uni-bge.hu/2903/1/P%C3%A1sztor%20T%C3%ADmea_Turizmusmarketing%20szerepe%20a%20Tisza-t%C3%B3%20r%C3%A9gi%C3%B3ban.pdf  |z Dokumentum-elérés